Corporate finance fundamentals / (Record no. 1063)

MARC details
000 -LEADER
fixed length control field 00915nam a2200253 ar4500
001 - CONTROL NUMBER
control field 1064
005 - DATE AND TIME OF LATEST TRANSACTION
control field 20221127090130.0
008 - FIXED-LENGTH DATA ELEMENTS--GENERAL INFORMATION
fixed length control field 081117s xxua 00110 eng d
020 ## - INTERNATIONAL STANDARD BOOK NUMBER
International Standard Book Number 0071254501(pbk) :
Terms of availability SR204.00
082 04 - DEWEY DECIMAL CLASSIFICATION NUMBER
Classification number 658.15
Item number R733 2006
Edition number 22
100 1# - MAIN ENTRY--PERSONAL NAME
Personal name Ross, Stephen A.
245 10 - TITLE STATEMENT
Title Corporate finance fundamentals /
Statement of responsibility, etc. S. Ross, R. Westerfield, D. Jordan.
246 1# - VARYING FORM OF TITLE
Title proper/short title Fundamentals of corporate finance.
250 ## - EDITION STATEMENT
Edition statement 7th ed.
260 ## - PUBLICATION, DISTRIBUTION, ETC.
Place of publication, distribution, etc. Boston, Mass. :
Name of publisher, distributor, etc. McGraw-Hill,
Date of publication, distribution, etc. 2006.
300 ## - PHYSICAL DESCRIPTION
Extent xlii, 844, [62] p. :
Other physical details ill. ;
Dimensions 26 cm.
440 #0 - SERIES STATEMENT/ADDED ENTRY--TITLE
Title McGraw-Hill/Irwin series in finance, insurance, and real estate.
500 ## - GENERAL NOTE
General note Includes index.
500 ## - GENERAL NOTE
General note Formerly published under title : Fundamentals of corporate finance.
650 #4 - SUBJECT ADDED ENTRY--TOPICAL TERM
Topical term or geographic name entry element Corporations
General subdivision Finance.
650 #4 - SUBJECT ADDED ENTRY--TOPICAL TERM
Topical term or geographic name entry element Business enterprises
General subdivision Finance.
700 0# - ADDED ENTRY--PERSONAL NAME
Personal name Westerfield, Randolph,
Relator term jt. auth.
700 0# - ADDED ENTRY--PERSONAL NAME
Personal name Jordan, Bradford D.,
Relator term jt. auth.
Holdings
Withdrawn status Lost status Source of classification or shelving scheme Damaged status Not for loan Home library Current library Date acquired Total Checkouts Full call number Barcode Date last seen Copy number Price effective from Koha item type
          CENTRAL CENTRAL 11/27/2022   658.15 R733 2006 1000000001754 11/27/2022 C1 11/27/2022 Book
          CENTRAL CENTRAL 11/27/2022   658.15 R733 2006 1000000001753 11/27/2022 C2 11/27/2022 Book
          CENTRAL CENTRAL 11/27/2022   658.15 R733 2006 1000000004648 11/27/2022 C3 11/27/2022 Book
          CENTRAL CENTRAL 11/27/2022   658.15 R733 2006 1000000005049 11/27/2022 C4 11/27/2022 CD
          CENTRAL CENTRAL 11/27/2022   658.15 R733 2006 1000000005050 11/27/2022 C5 11/27/2022 CD
          CENTRAL CENTRAL 11/27/2022   658.15 R733 2006 1000000005051 11/27/2022 C6 11/27/2022 CD
          CENTRAL CENTRAL 11/27/2022   658.15 R733 2006 1000000005052 11/27/2022 C7 11/27/2022 CD